|
|
|
|
| LEADER |
01268nam a2200361 i 4500 |
| 001 |
001676001 |
| 003 |
CZ BrMZK |
| 005 |
20190605104823.0 |
| 007 |
ta |
| 008 |
190328t20182018gw f 000 0 ger |
| 020 |
|
|
|a 978-3-7329-0530-0
|q (brožováno)
|
| 040 |
|
|
|a BOA001
|b cze
|e rda
|
| 072 |
|
7 |
|a 81
|x Lingvistika. Jazyky
|2 Konspekt
|9 11
|
| 080 |
|
|
|a 81'373.46
|2 MRF
|
| 080 |
|
|
|a (062.552)
|2 MRF
|
| 245 |
0 |
0 |
|a Fachlichkeit und Fachsprachlichkeit in varianten Kontexten /
|c Lenka Vaňková (Hg.)
|
| 264 |
|
1 |
|a Berlin :
|b Frank & Timme,
|c [2018]
|
| 264 |
|
4 |
|c ©2018
|
| 300 |
|
|
|a 256 stran ;
|c 21 cm
|
| 336 |
|
|
|a text
|b txt
|2 rdacontent
|
| 337 |
|
|
|a bez média
|b n
|2 rdamedia
|
| 338 |
|
|
|a svazek
|b nc
|2 rdacarrier
|
| 490 |
1 |
|
|a Forum für Fachsprachen-Forschung ;
|v Band 147
|
| 504 |
|
|
|a Obsahuje bibliografie a bibliografické odkazy
|
| 650 |
0 |
7 |
|a odborný jazyk
|7 ph118797
|2 czenas
|
| 650 |
0 |
7 |
|a oborová terminologie
|7 ph138998
|2 czenas
|
| 655 |
|
7 |
|a sborníky
|7 fd724344
|2 czenas
|
| 700 |
1 |
|
|a Vaňková, Lenka,
|d 1956-
|7 mzk2004239995
|4 edt
|
| 830 |
|
0 |
|a Forum für Fachsprachen-Forschung
|
| 910 |
|
|
|a BOA001
|b 2-1426.010
|
| 990 |
|
|
|a BK
|
| 991 |
|
|
|b 201906
|c NOV
|
| 996 |
7 |
|
|b 2610776815
|c 2-1426.010
|l MZK
|r Sklad / do 1 hodiny
|n 1
|p dar
|w 001716375
|u 000010
|a 1
|e BOA001
|j MZK50
|s A
|